MARC

LEADER 00000nam0a2200000 4500
001 127670
005 20250513122037.0
035 |a (RuTPU)RU\TPU\book\138115 
090 |a 127670 
100 |a 20071219d1968 m y0rusy50 ca 
101 0 |a rus 
102 |a BY 
105 |a a z 001zy 
200 1 |a Спортивные игры  |f под ред. В. А. Кудряшова 
210 |a Минск  |c Вышэйшая школа  |d 1968 
215 |a 312 с.  |c ил. 
320 |a Библиогр.: с.310 
333 |a Исключено из фонда НТБ ТПУ 
610 1 |a спорт 
610 1 |a спортивные игры 
610 1 |a тренировки 
610 1 |a баскетбол 
610 1 |a бадминтон 
610 1 |a волейбол 
610 1 |a ручной мяч 
610 1 |a техника игры 
610 1 |a тактика игры 
610 1 |a физическая подготовка 
610 1 |a психическая подготовка 
610 1 |a теоретическая подготовка 
675 |a 799  |v 3 
702 1 |a Кудряшов  |b В. А.  |4 340 
801 1 |a RU  |b 63413507  |c 20071219  |g PSBO 
850 |a 63413507 
942 |c BK